| 000 | 00633cam a2200181 4500500 | ||
|---|---|---|---|
| 005 | 20251228091021.0 | ||
| 041 | _afre | ||
| 042 | _adc | ||
| 100 | 1 | 0 |
_aCourtemanche, Hadrien _eauthor |
| 700 | 1 | 0 |
_aLabouret, Denis _eauthor |
| 700 | 1 | 0 |
_aFaguer, Nicolas _eauthor |
| 700 | 1 | 0 |
_aBoeswillwald, Marie _eauthor |
| 245 | 0 | 0 | _aDeuxième partie. : Enseigner en péguyste |
| 260 | _c2023. | ||
| 500 | _a24 | ||
| 786 | 0 | _nBulletin de l’Amitié Charles Péguy | 178 | 2 | 2023-05-07 | p. 163-183 | 0180-8567 | |
| 856 | 4 | 1 | _uhttps://shs.cairn.info/revue-bulletin-de-lamitie-charles-peguy-2023-2-page-163?lang=fr&redirect-ssocas=7080 |
| 999 |
_c1602962 _d1602962 |
||